| 000 | 00917nac a22002297a 4500 | ||
|---|---|---|---|
| 001 | BR9101941 | ||
| 003 | BR-BrBNA | ||
| 005 | 20240105121201.0 | ||
| 008 | 230509b bl.|||m| |||| 00| 0 por d | ||
| 040 |
_aBR-BrBNA _bpor _cBiblioteca Nacional de Agricultura |
||
| 072 | _aF01 | ||
| 090 | _aF01 BR9101941 | ||
| 110 | 1 |
_aFundacao Instituto Brasileiro de Geografia e Estatistica, Rio de Janeiro, RJ (Brasil) _94928 |
|
| 245 | 1 | _aLevantamento sistematico da producao agricola; pesquisa mensal de previsao e acompanhamento das safras agricolas no ano civil | |
| 260 | 3 |
_aRio de Janeiro, RJ (Brasil): _c1991. |
|
| 300 | _a71 p. | ||
| 490 |
_aLevantamento Sistematico da Producao Agricola - Fundacao Instituto Brasileiro de Geografia e Estatistica (Brazil) _vno. 4 _xISSN 0103-443X |
||
| 650 | _aPRODUCAO VEGETAL | ||
| 650 | _aESTATISTICA | ||
| 909 |
_a202312 _bLúcia Elande _c55 _dLúcia Elande |
||
| 942 |
_2AGRIS _n0 _cMS |
||
| 999 |
_c283795 _d283795 |
||